00206nam a22000857a 4500008004100000020001800041100002000059245003300079300000800112131217t xxu||||| |||| 00| 0 eng d a0-00-616570-2 aAgatha Christie aBy the pricking of my thumbs a340